| 000 | 00354nam a2200145Ia 4500 | ||
|---|---|---|---|
| 008 | 230312s9999||||xx |||||||||||||| ||und|| | ||
| 082 |
_a337.09 _bLIN |
||
| 100 | _aLindert, Peter L | ||
| 245 | 0 | _aInternational Economics | |
| 260 |
_bIRWIN _aLondon _c1996 |
||
| 300 | _a590 | ||
| 546 | _aEng. | ||
| 650 |
_aEconomics _vInternational Economics |
||
| 942 | _cBK | ||
| 999 |
_c2379 _d2379 |
||